000 01596cam a22004217a 4500
001 106285
005 20230410105545.0
008 060817s2003 cl a b 000 0 spa d
035 _a14503741
925 0 _aacquire
_b1 shelf copy
_xpolicy default
942 _2lcc
_cbk
010 _a 2006468400
020 _a9568244026
035 _a(OCoLC)ocm53876831
040 _aIQU
_cIQU
_dBNCHL
_dDLC
042 _alccopycat
043 _as-cl---
050 1 4 _aHC195.I55
_bR621 2003
100 1 _aRivera, Eugenio
_q(Rivera Urrutia)
245 1 0 _aNueva economìa, gobierno electrònico y reforma del Estado :
_bChile a la luz de la experiencia internacional /
_cEugenio Rivera Urrutia.
250 _a1. ed.
260 _aSantiago de Chile :
_bFLACSO-Chile :
_bEditorial Universitaria,
_c2003.
300 _a285 p. :
_bill. ;
_c23 cm.
490 1 _aEstudios
504 _aIncludes bibliographical references (p. 273-281).
650 0 _aInformation technology
_zChile.
650 0 _aInformation technology.
650 0 _aInternet in public administration
_zChile.
650 7 _aSociedad de la informaciòn
_zChile.
_2renib
650 7 _aInternet en la administraciòn pública
_zChile.
_2renib
650 7 _aINNOVACIONES TECNOLOGICAS
_xASPECTOS ECONOMICOS
_zCHILE.
_2renib
650 7 _aComercio electrònico
_zChile.
_2renib
650 7 _aModernizaciòn
_xPolìtica gubernamental
_zChile.
_2renib
650 7 _aTECNOLOGIA DE LA INFORMACION
_xASPECTOS POLITICOS
_zCHILE.
_2renib
830 0 _aEstudios (Editorial Universitaria (Santiago, Chile))
923 _d200607
_s93002018
946 _aJPR
999 _c39150
_d39150